<?xml version="1.0" encoding="UTF-8"?>
<record
    xmlns:xsi="http://www.w3.org/2001/XMLSchema-instance"
    xsi:schemaLocation="http://www.loc.gov/MARC21/slim http://www.loc.gov/standards/marcxml/schema/MARC21slim.xsd"
    xmlns="http://www.loc.gov/MARC21/slim">

  <leader>01523cam a22003135a 4500</leader>
  <controlfield tag="001">ocm85485151</controlfield>
  <controlfield tag="003">OSt</controlfield>
  <controlfield tag="005">20160623121711.0</controlfield>
  <controlfield tag="008">070223t2007    njua   frbe   001 0 eng d</controlfield>
  <datafield tag="020" ind1=" " ind2=" ">
    <subfield code="a">9780471484998</subfield>
  </datafield>
  <datafield tag="040" ind1=" " ind2=" ">
    <subfield code="a">DLC</subfield>
    <subfield code="b">eng</subfield>
    <subfield code="c">DLC</subfield>
    <subfield code="d">EG-ScBUE</subfield>
    <subfield code="d">EG-ScBUE</subfield>
  </datafield>
  <datafield tag="082" ind1="0" ind2="4">
    <subfield code="a">660.03</subfield>
    <subfield code="b">KIR</subfield>
    <subfield code="2">22</subfield>
  </datafield>
  <datafield tag="245" ind1="0" ind2="0">
    <subfield code="a">Kirk-Othmer encyclopedia of chemical technology /</subfield>
    <subfield code="c">Editor Arza Seidel.</subfield>
  </datafield>
  <datafield tag="246" ind1="3" ind2="0">
    <subfield code="a">Encyclopedia of chemical technology </subfield>
  </datafield>
  <datafield tag="246" ind1="3" ind2="0">
    <subfield code="a">Chemical technology</subfield>
  </datafield>
  <datafield tag="250" ind1=" " ind2=" ">
    <subfield code="a">5th ed.</subfield>
  </datafield>
  <datafield tag="260" ind1=" " ind2=" ">
    <subfield code="a">Hoboken :</subfield>
    <subfield code="b">Wiley-Interscience / John Wiley &amp; Sons, Inc.,</subfield>
    <subfield code="c">c.2007.</subfield>
  </datafield>
  <datafield tag="300" ind1=" " ind2=" ">
    <subfield code="a">v. 23 :</subfield>
    <subfield code="b">ill. ;</subfield>
    <subfield code="c">26 cm.</subfield>
  </datafield>
  <datafield tag="500" ind1=" " ind2=" ">
    <subfield code="a">Kirk-Othmer encyclopedia of chemical technology is available online in full color and with additional content at 
http://www.interscience.wiley.com/cgi-bin/mrwhome/104554789/HOME.</subfield>
  </datafield>
  <datafield tag="504" ind1=" " ind2=" ">
    <subfield code="a">Includes bibliographical references and index.</subfield>
  </datafield>
  <datafield tag="505" ind1=" " ind2=" ">
    <subfield code="a">v. 23. So-Su.</subfield>
  </datafield>
  <datafield tag="520" ind1=" " ind2=" ">
    <subfield code="a">The fifth edition of the Kirk-Othmer Encyclopedia of Chemical Technology, builds upon the solid foundation of the previous editions, which have proven to be a mainstay for chemists, biochemists, and engineers at academic, industrial, and government institutions since publication of the first edition in 1949.</subfield>
  </datafield>
  <datafield tag="650" ind1=" " ind2="7">
    <subfield code="a">Chemistry, Technical</subfield>
    <subfield code="v">Encyclopedias.</subfield>
    <subfield code="2">BUEsh</subfield>
    <subfield code="9">40304</subfield>
  </datafield>
  <datafield tag="651" ind1=" " ind2=" ">
    <subfield code="2">BUEsh</subfield>
  </datafield>
  <datafield tag="653" ind1=" " ind2=" ">
    <subfield code="b">ENGCHE</subfield>
    <subfield code="c">September2015</subfield>
    <subfield code="c">June2016</subfield>
  </datafield>
  <datafield tag="700" ind1="1" ind2=" ">
    <subfield code="a">Seidel, Arza,</subfield>
    <subfield code="e">editor.</subfield>
    <subfield code="9">40305</subfield>
  </datafield>
  <datafield tag="856" ind1="4" ind2="0">
    <subfield code="u">http://www.interscience.wiley.com/cgi-bin/mrwhome/104554789/HOME</subfield>
  </datafield>
  <datafield tag="942" ind1=" " ind2=" ">
    <subfield code="2">ddc</subfield>
    <subfield code="k">660.03 KIR</subfield>
  </datafield>
  <datafield tag="999" ind1=" " ind2=" ">
    <subfield code="c">20817</subfield>
    <subfield code="d">20789</subfield>
  </datafield>
  <datafield tag="952" ind1=" " ind2=" ">
    <subfield code="0">0</subfield>
    <subfield code="1">0</subfield>
    <subfield code="2">ddc</subfield>
    <subfield code="4">0</subfield>
    <subfield code="7">0</subfield>
    <subfield code="8">Baccah</subfield>
    <subfield code="a">MAIN</subfield>
    <subfield code="b">MAIN</subfield>
    <subfield code="c">0TH</subfield>
    <subfield code="d">2015-09-01</subfield>
    <subfield code="e">purchase</subfield>
    <subfield code="g">3908.00</subfield>
    <subfield code="h">23317</subfield>
    <subfield code="l">0</subfield>
    <subfield code="o">660.03 KIR</subfield>
    <subfield code="p">000030895</subfield>
    <subfield code="r">2025-07-15 00:00:00</subfield>
    <subfield code="v">4884.00</subfield>
    <subfield code="y">REFERENCE</subfield>
  </datafield>
</record>
